000 00370nam a2200145Ia 4500
008 230917s9999||||xx |||||||||||||| ||und||
040 _e151911
_aMAIN
041 _aEnglish
082 _a891.2109 N134R
100 _aNagendra
245 0 _aRas-siddhant
260 _aDelhi
_bShri Lal Bahadur Shastri KendriyaSanskrit Sansthan
_c1973
300 _a319 p.
942 _cBK
999 _c163105
_d163105